| 000 | 00675nam a2200205 a 4500 | ||
|---|---|---|---|
| 001 | 000009475 | ||
| 005 | 20200929161616.0 | ||
| 008 | 090930s1999 dr a 000 p eng d | ||
| 040 |
_aDO-SdBNP _bspa _cBNPHU |
||
| 082 |
_a861.44 _bA577c |
||
| 100 | 1 |
_aAndújar, Alexander, _d1979- _924280 |
|
| 245 | 1 | 0 |
_aCamelot Ablaze / _cAlexander Andújar. |
| 260 |
_aSanto Domingo : _bAlfa & Omega, _c1999. |
||
| 300 |
_a128 p. : _bil. ; _c22 cm. |
||
| 500 | _aIncluye datos biográficos del autor en la contracubierta. | ||
| 590 | _aInventariado, 2018/VM | ||
| 650 | 4 |
_aNovela estadounidense _9262 |
|
| 650 | 4 |
_aLiteratura estadounidense _9263 |
|
| 910 | _aValidado. Control de calidad MFF | ||
| 999 |
_c9235 _d9235 |
||